000 00302nam a22001337a 4500
008 170706b xxu||||| |||| 00| 0 eng d
020 _a9780757508479
041 _aeng
080 _24 ED
_a82
100 _a22
101 _aGJL
245 _aCOMMUNICATION LITERATURE
_cLEWIS.T.V
942 _2udc
_cBK
999 _c19934
_d19934